Statistics for Fishes Picture Quiz

Click here to take the quiz!

General Stats

  • This quiz has been taken 54 times
  • The average score is 8 of 15

Answer Stats

Answer% Correct
Swordfish
92%
Dolphin
84%
Shrimp
80%
Stingray
78%
Tuna
78%
Starfish
76%
Piranha
68%
Barracuda
66%
Shark
64%
Anchovy
38%
Sardine
32%
Red Snapper
28%
Pomfret
10%
Tilapia
10%
Trevally
10%

Score Distribution

Percentile by Number Answered

Percent of People with Each Score

Your Score History

You have not taken this quiz